000 00861nam a2200205 i 4500
001 185333
003 ES-MaACL
005 20241110171627.0
008 160523s1900 xxk |||| | eng d
110 2 _aBernard Quaritch (Firma)
_9159203
245 1 2 _aA catalogue of choice and valuble books comprising works on the fine arts, numismata transactions of learned societies and miscellaneous recent purchases :
_boffered at the net prices affixed /
_cby Bernard Quaritch.
260 _aLondon :
_bBernard Quaritch,
_c1900.
300 _a113 p. ;
_c25 cm.
594 _aPrecede al tít.: nº 203, december 1900.
610 2 4 _aBernard Quaritch (Firma)-
_vCatálogos.
_9159595
650 4 _aLibros-
_vCatálogos comerciales.
_9159004
852 _aES-MaACL
_jT-969-F-14
_z.- Enc. en un vol. facticio con cub. original
942 _2udc
999 _c185333
_d185333